000 nam a22 7a 4500
999 _c9342
_d9342
008 180127b ||||| |||| 00| 0 eng d
100 _aDeepa and Company
_95593
245 _aMaster Mathematics - VIII
260 _aNew Delhi
_bDeepam Publication